| 000 | 00437nam a2200193Ia 4500 | ||
|---|---|---|---|
| 005 | 20250423101402.0 | ||
| 008 | 250422s9999 xx 000 0 und d | ||
| 020 | _a0-07-035460-X | ||
| 050 | _aQ161.2.K7 | ||
| 100 | _aKonrad B. Krauskopf | ||
| 245 | 4 | _aThe Physical Universe | |
| 250 | _aFourth Edition | ||
| 260 | _aNew York | ||
| 260 | _bMcGraw-Hill | ||
| 260 | _c1979 | ||
| 300 | _a772 p | ||
| 650 | _aPhysics | ||
| 942 | _cBK | ||
| 999 |
_c36156 _d36156 |
||